[Event "Collado Villalba op-A 32nd"]
[Site "Collado Villalba"]
[Date "2015.08.22"]
[Round "1"]
[White "Rodriguez Izquierdo, Luis"]
[Black "Garcia Paolicchi, Raul"]
[Result "0-1"]
[WhiteElo "1854"]
[BlackElo "2148"]
[PlyCount "106"]
[EventDate "2015.08.22"]
[EventType "swiss"]
[EventRounds "9"]
[EventCountry "ESP"]
[SourceTitle "EXT 2016"]
[Source "ChessBase"]
[SourceDate "2015.10.08"]
[SourceVersion "1"]
[SourceVersionDate "2015.10.08"]
[SourceQuality "1"]

1. e4 d5 2. exd5 Qxd5 3. Nc3 Qa5 4. h3 Nf6 5. Nf3 c6 6. Bc4 Bf5 7. 0-0 e6 8. d3 Be7 9. Bd2 Qc7 10. Re1 Nbd7 11. Rb1 0-0 12. Nh4 Bg6 13. Nxg6 hxg6 14. Bb3 Rfe8 15. Ne4 Rad8 16. Qe2 Nd5 17. Bg5 Bxg5 18. Nxg5 Nc5 19. Bxd5 cxd5 20. d4 Nd7 21. Nf3 Rc8 22. c3 a6 23. Ne5 Nxe5 24. Qxe5 Qc4 25. a3 Rc6 26. Qe2 Qa2 27. Qd3 Rb6 28. Ra1 Qb3 29. Re2 Rc8 30. Rc2 Rbc6 31. Rac1 Rc4 32. Kf1 b5 33. Ke2 Qa4 34. Kd2 Qa5 35. Qe3 Qc7 36. g3 Qd8 37. Qf4 Qb6 38. Qe3 a5 39. b3 R4c6 40. Qd3 e5 41. Qe3 e4 42. f3 exf3 43. Qxf3 Qd8 44. Re1 b4 45. axb4 axb4 46. Rec1 Rf6 47. Qe3 Re6 48. Qf3 Qf6 49. Qf4 Qe7 50. cxb4 Qxb4+ 51. Rc3 Rce8 52. Qf2 Re4 53. Kd3 Qb5+ 0-1